000 00585nam a2200229 i 4500
001 C2-0130787
003 PPAK
005 20180727121937.0
008 971007s1992 enk |||| ||||| | eng d
020 _a1854223488
040 _aPPAK
_beng
_cPPAK
_erda
082 0 4 _a398.2
_223
090 0 0 _a398.2
_bSTO
_dK
245 0 0 _aTales of dickens
264 1 _aLeicester :
_bMagna Books ,
_c1992
300 _a104 pages ;
_c22 cm
336 _2rdacontent
_atext
337 _2rdamedia
_aunmediated
338 _2rdacarrier
_avolume
650 1 0 _aFolk literature, English
942 _ddc
_cB
999 _c40249
_d40249